Normal view
MARC view
Entry Personal Name
001 - CONTROL NUMBER
- control field: 1237105
003 - CONTROL NUMBER IDENTIFIER
- control field: OSt
005 - DATE AND TIME OF LATEST TRANSACTION
- control field: 20260430150316.0
008 - FIXED-LENGTH DATA ELEMENTS
- fixed length control field: 260430|| aca||aabn | a|a d
040 ## - CATALOGING SOURCE
- Original cataloging agency: OSt
- Transcribing agency: OSt
100 ## - HEADING--PERSONAL NAME
- Personal name: Agarwal Tarubhi Au.; Asthana Neelima Gu
670 ## - SOURCE DATA FOUND
- Source citation: Work cat.: (OSt)1849473: Agarwal Tarubhi Au.; Asthana Neelima Gu., A Study on Dietary Behaviour and Nutritional Status among Adolescents (15-18 Years) with Autism Spectrum Disorder in Delhi: Counselling Intervention, 2023
